ბათუმის შოთა რუსთაველის სახელმწიფო უნივერსიტეტის ბიბლიოთეკა

Курсовое проектирование деталей машин (ბიბ.ჩანაწერი № 37171)

000 -LEADER
fixed length control field 00674nam a2200205Ia 4500
001 - CONTROL NUMBER
control field 3127
003 - CONTROL NUMBER IDENTIFIER
control field GE_BSU
008 - FIXED-LENGTH DATA ELEMENTS--GENERAL INFORMATION
fixed length control field 181216s||||||||xx |||||||||||||| ||und||
040 ## - CATALOGING SOURCE
Transcribing agency GE_BSU
080 ## - UNIVERSAL DECIMAL CLASSIFICATION NUMBER
Universal Decimal Classification number 621.8(075.8)
100 ## - MAIN ENTRY--PERSONAL NAME
Personal name Кудрявцев,В.Н. Державец,Ю.А. Арефьев,И.И.
245 ## - TITLE STATEMENT
Title Курсовое проектирование деталей машин
245 ## - TITLE STATEMENT
Statement of responsibility, etc. Под общ. ред. В.Н. Кудрявцева.
260 ## - PUBLICATION, DISTRIBUTION, ETC.
Place of publication, distribution, etc. Л.
260 ## - PUBLICATION, DISTRIBUTION, ETC.
Name of publisher, distributor, etc. Машиностроение.
260 ## - PUBLICATION, DISTRIBUTION, ETC.
Date of publication, distribution, etc. 1984.
300 ## - PHYSICAL DESCRIPTION
Extent 400стр. с илл.
653 ## - INDEX TERM--UNCONTROLLED
Uncontrolled term Курсовое проектирование деталей машин.
942 ## - ADDED ENTRY ELEMENTS (KOHA)
Koha item type წიგნი
ეგზემპლარები
Withdrawn status Lost status Damaged status Not for loan Date acquired Barcode Date last seen Price effective from Koha item type
        2018-12-17 8517 2018-12-17 2018-12-17 წიგნი
        2018-12-17 8516 2018-12-17 2018-12-17 წიგნი
        2018-12-17 8515 2018-12-17 2018-12-17 წიგნი